000 00782nam a2200229Ia 4500
005 20250508164115.0
008 008 250505s9999 xx 000 0 eng d
020 _a81-7391-584-9
037 _aReference
040 _aFEDL
_beng
_cFEDL
041 _aeng
_2eng
084 _a370.954, BHARR
_qFEDL
100 _aBhattacharya Sabyasachi Ed.
245 0 _aEducating the nation : Documents on the discoursre of national education in India,1880-1920
260 _aNew Delhi, India
_bKanishka Publishers, Distributors
_c2003
300 _ax,405p.
365 _aINR
_b1500
650 _aEducation - India; Education - Documents
_9777340
700 _a Bara Joseph Ed. Yagati Chinna Rao Ed.
_9777341
942 _cREF
_h370.954, BHARR
999 _c1387092
_d1387092